Sports Quiz

Random Sports or Baseball Quiz

Opening Day Lineups: Mariners Quiz Stats

 Plays Quiz Updated Apr 4, 2019

Score 0/290 Timer 19:00
3 Plays Today
Year Player % Correct
1991Ken Griffey
95.3%
1992Ken Griffey
95.3%
1993Ken Griffey
95.3%
1994Ken Griffey
95.3%
1995Ken Griffey
95.3%
1996Ken Griffey
95.3%
1997Ken Griffey
95.3%
1998Ken Griffey
95.3%
1999Ken Griffey
95.3%
2009Ken Griffey
95.3%
2010Ken Griffey
92.4%
2001Ichiro Suzuki
92.2%
2002Ichiro Suzuki
92.2%
2003Ichiro Suzuki
92.2%
2004Ichiro Suzuki
92.2%
2005Ichiro Suzuki
92.2%
2006Ichiro Suzuki
92.2%
2007Ichiro Suzuki
92.2%
2008Ichiro Suzuki
92.2%
2010Ichiro Suzuki
90.5%
1991Edgar Martinez
89.9%
1992Edgar Martinez
89.9%
1994Edgar Martinez
89.9%
1995Edgar Martinez
89.9%
1996Edgar Martinez
89.9%
1997Edgar Martinez
89.9%
1998Edgar Martinez
89.9%
1999Edgar Martinez
89.9%
2000Edgar Martinez
89.9%
2001Edgar Martinez
89.9%
2002Edgar Martinez
89.9%
2003Edgar Martinez
89.9%
2004Edgar Martinez
89.9%
1992Tino Martinez
89.2%
1993Tino Martinez
89.2%
1994Tino Martinez
89.2%
1995Tino Martinez
89.2%
1992Randy Johnson
89%
1993Randy Johnson
89%
1994Randy Johnson
89%
1995Randy Johnson
89%
1996Randy Johnson
89%
1998Randy Johnson
89%
2011Ichiro Suzuki
88.8%
2012Ichiro Suzuki
88.8%
2011Felix Hernandez
88.5%
2012Felix Hernandez
88.5%
2013Felix Hernandez
88.4%
2014Felix Hernandez
88%
2015Felix Hernandez
86.9%
2010Rob Johnson
86%
2007Felix Hernandez
85.9%
2009Felix Hernandez
85.9%
2016Felix Hernandez
85.8%
2019Ichiro Suzuki
84.8%
2014Robinson Cano
84.5%
2015Robinson Cano
84.4%
2017Felix Hernandez
84.4%
2016Robinson Cano
83.7%
1996Alex Rodriguez
83.2%
1997Alex Rodriguez
83.2%
1998Alex Rodriguez
83.2%
1999Alex Rodriguez
83.2%
2000Alex Rodriguez
83.2%
2010Felix Hernandez
83%
2016Leonys Martin
82.8%
2018Ichiro Suzuki
82.4%
2017Robinson Cano
82.2%
2017Leonys Martin
82%
2018Felix Hernandez
81.5%
2001Al Martin
81.2%
1991Jay Buhner
80.2%
1992Jay Buhner
80.2%
1993Jay Buhner
80.2%
1994Jay Buhner
80.2%
1995Jay Buhner
80.2%
1996Jay Buhner
80.2%
1997Jay Buhner
80.2%
1998Jay Buhner
80.2%
1999Jay Buhner
80.2%
2018Robinson Cano
78.4%
2016Nelson Cruz
77%
2015Nelson Cruz
76.9%
2017Nelson Cruz
76.1%
2001Bret Boone
73.8%
2002Bret Boone
73.8%
2003Bret Boone
73.8%
2004Bret Boone
73.8%
2005Bret Boone
73.8%
2018Nelson Cruz
73.2%
2016Kyle Seager
72.8%
2015Kyle Seager
72.7%
2014Kyle Seager
72.3%
2011Jack Wilson
72.2%
2017Kyle Seager
72.2%
1994Dan Wilson
71.1%
1995Dan Wilson
71.1%
Year Player % Correct
1996Dan Wilson
71.1%
1997Dan Wilson
71.1%
1998Dan Wilson
71.1%
1999Dan Wilson
71.1%
2000Dan Wilson
71.1%
2001Dan Wilson
71.1%
2002Dan Wilson
71.1%
2004Dan Wilson
71.1%
2018Kyle Seager
69.4%
2013Kyle Seager
69.1%
2010Jack Wilson
67.8%
2005Adrian Beltre
66.9%
2006Adrian Beltre
66.9%
2007Adrian Beltre
66.9%
2008Adrian Beltre
66.9%
2009Adrian Beltre
66.9%
2000Jamie Moyer
64.2%
2004Jamie Moyer
64.2%
2005Jamie Moyer
64.2%
2006Jamie Moyer
64.2%
2019Dee Gordon
63.4%
2000John Olerud
61.8%
2001John Olerud
61.8%
2002John Olerud
61.8%
2003John Olerud
61.8%
2004John Olerud
61.8%
2005Richie Sexson
61.6%
2006Richie Sexson
61.6%
2007Richie Sexson
61.6%
2008Richie Sexson
61.6%
2015Seth Smith
60.5%
2000Mike Cameron
60.1%
2001Mike Cameron
60.1%
2002Mike Cameron
60.1%
2003Mike Cameron
60.1%
2013Justin Smoak
58.9%
2011Justin Smoak
58.5%
2012Justin Smoak
58.5%
2017Jean Segura
58.3%
2017Mike Zunino
58.2%
2015Austin Jackson
58%
2015Mike Zunino
57.5%
2018Jean Segura
57.4%
2018Dee Gordon
57.3%
2014Mike Zunino
57%
2014Justin Smoak
57%
2019Edwin Encarnacion
56.5%
2019Mitch Haniger
56.1%
2013Franklin Gutierrez
55.6%
2010Chone Figgins
54.4%
2013Dustin Ackley
53.1%
2011Chone Figgins
53%
2012Chone Figgins
53%
1996Russ Davis
52.9%
1997Russ Davis
52.9%
1998Russ Davis
52.9%
1999Russ Davis
52.9%
1991Alvin Davis
52.9%
2012Dustin Ackley
52.9%
2003Ben Davis
52.7%
2010Franklin Gutierrez
52.2%
2018Mitch Haniger
52.2%
2014Brad Miller
51.6%
2001Freddy Garcia
51.4%
2002Freddy Garcia
51.4%
2003Freddy Garcia
51.4%
2006Jose Lopez
51.4%
2007Jose Lopez
51.4%
2008Jose Lopez
51.4%
2009Jose Lopez
51.4%
2014Dustin Ackley
51.1%
2016Franklin Gutierrez
51%
2009Franklin Gutierrez
50.9%
2015Brad Miller
49.8%
1995Joey Cora
49.8%
1996Joey Cora
49.8%
1997Joey Cora
49.8%
1998Joey Cora
49.8%
2004Raul Ibanez
49.4%
2005Raul Ibanez
49.4%
2006Raul Ibanez
49.4%
2007Raul Ibanez
49.4%
2008Raul Ibanez
49.4%
2017Mitch Haniger
49.3%
2010Jose Lopez
49.1%
2015Dustin Ackley
47.7%
2006Kenji Johjima
47.6%
2007Kenji Johjima
47.6%
2008Kenji Johjima
47.6%
2009Kenji Johjima
47.6%
1991Tracy Jones
47%
2019Domingo Santana
46.8%
1991Harold Reynolds
46.3%
1992Harold Reynolds
46.3%
1991Omar Vizquel
45.5%
1992Omar Vizquel
45.5%
1993Omar Vizquel
45.5%
Year Player % Correct
2014Logan Morrison
45%
2019Jay Bruce
44.7%
2013Brendan Ryan
44.4%
2011Brendan Ryan
44.1%
2012Brendan Ryan
44.1%
2013Jesus Montero
44%
2012Jesus Montero
44%
2015Logan Morrison
43.9%
2011Milton Bradley
43.3%
2010Milton Bradley
43.2%
1999Carlos Guillen
43.1%
2000Carlos Guillen
43.1%
2001Carlos Guillen
43.1%
2002Carlos Guillen
43.1%
2019Ryon Healy
42.9%
2013Michael Saunders
42.9%
2007Jose Guillen
42.7%
2019Marco Gonzales
42.6%
2012Michael Saunders
42.2%
2011Miguel Olivo
41.9%
2012Miguel Olivo
41.9%
2016Ketel Marte
41.9%
2006Yuniesky Betancourt
41.8%
2007Yuniesky Betancourt
41.8%
2008Yuniesky Betancourt
41.8%
2009Yuniesky Betancourt
41.8%
2014Michael Saunders
41.6%
2013Kendrys Morales
41.5%
2019Tim Beckham
41.2%
2000David Bell
40.9%
2001David Bell
40.9%
2018Ryon Healy
40.7%
2016Adam Lind
40%
2009Russell Branyan
38.8%
2008Erik Bedard
38.6%
2019Omar Narvaez
35.5%
2016Chris Iannetta
35.1%
2013Mike Morse
34.7%
2017Danny Valencia
33.5%
2016Nori Aoki
33.4%
2010Casey Kotchman
33.2%
1993Mike Blowers
32.6%
1995Mike Blowers
32.6%
2007Jose Vidro
32.5%
2008Jose Vidro
32.5%
2017Jarrod Dyson
31.4%
1991Dave Valle
31.2%
1992Dave Valle
31.2%
1993Dave Valle
31.2%
1996Paul Sorrento
30.9%
1997Paul Sorrento
30.9%
2000Mark McLemore
30.1%
2002Mark McLemore
30.1%
2003Mark McLemore
30.1%
2014Abraham Almonte
30%
2005Miguel Olivo
29.9%
1998David Segui
29.3%
1999David Segui
29.3%
2003Randy Winn
29.1%
2004Randy Winn
29.1%
2005Randy Winn
29.1%
2011Jack Cust
28.1%
2005Jeremy Reed
28.1%
2006Jeremy Reed
28.1%
2002Jeff Cirillo
27.2%
2003Jeff Cirillo
27.2%
2012Mike Carp
26.5%
2009Mike Sweeney
26.2%
2018Mike Marjama
25.7%
1994Felix Fermin
25.4%
1995Felix Fermin
25.4%
1998Glenallen Hill
24.5%
2009Endy Chavez
23.7%
2006Carl Everett
23.2%
1993Rich Amaral
23%
1994Rich Amaral
23%
2004Willie Bloomquist
22.7%
1997Jeff Fassero
22.7%
1999Jeff Fassero
22.7%
1991Pete O'Brien
22.5%
1992Pete O'Brien
22.5%
1993Pete O'Brien
22.5%
1992Kevin Mitchell
22.2%
2011Ryan Langerhans
22.1%
1991Erik Hanson
20.4%
2004Rich Aurilia
20.3%
1995Darren Bragg
20.2%
1996Darren Bragg
20.2%
1994Reggie Jefferson
18%
2008Brad Wilkerson
17.1%
1999John Mabry
15.6%
2000John Mabry
15.6%
2005Wilson Valdez
15.2%
1994Eric Anthony
14.4%
1993Mike Felder
14.1%
1997Lee Tinsley
13.7%

You're not logged in!

Compare scores with friends on all Sporcle quizzes.
OR
Log In

Sporcle TV

Today on Sporcle TV


Watch our educational content, quiz creation guides, and fun videos on Sporcle TV.

Show Comments

Extras

Top Quizzes Today


Score Distribution

Your Account Isn't Verified!

In order to create a playlist on Sporcle, you need to verify the email address you used during registration. Go to your Sporcle Settings to finish the process.

Report this User

Report this user for behavior that violates our Community Guidelines.

Details: